| 000 | 00409nam a2200169Ia 4500 | ||
|---|---|---|---|
| 008 | 230524s9999 xx 000 0 und d | ||
| 082 | _bBAL | ||
| 100 | _aG.K.Balija | ||
| 245 | 0 | _aObject Oriented Programming using C++ | |
| 250 | _a1 | ||
| 260 |
_aNew Delhi _bDhanpat Rai _c2013 |
||
| 300 | _a777p; | ||
| 500 | _aQuantity Number: 3 | ||
| 650 | _aComputer Science | ||
| 700 | _aG.S.Baluja | ||
| 942 | _cBK | ||
| 999 |
_c54973 _d54973 |
||